[Event "World Chess Olympiad 2018"]
[Site "Batumi"]
[Date "2018.10.01"]
[Round "7"]
[Board "1"]
[WhiteFideId "1018000"]
[White "Blijstra Wim"]
[BlackFideId "8800081"]
[Black "Black Richard"]
[Result "1-0"]
[LiveChessVersion "1.4.8"]
[BlackElo "2218"]
[WhiteElo "2211"]

1. c4 {[%clk 1:30:52]} e5 {[%clk 1:29:56]} 2. Nc3 {[%clk 1:31:15]} Bb4
{[%clk 1:29:52]} 3. g3 {[%clk 1:30:41]} Nf6 {[%clk 1:27:57]} 4. Bg2
{[%clk 1:30:08]} O-O {[%clk 1:27:09]} 5. Nf3 {[%clk 1:30:13]} Re8
{[%clk 1:25:57]} 6. O-O {[%clk 1:30:16]} c6 {[%clk 1:25:08]} 7. Qb3
{[%clk 1:29:28]} Bc5 {[%clk 1:19:18]} 8. d3 {[%clk 1:23:45]} d6 {[%clk 1:13:54]}
9. Na4 {[%clk 1:05:16]} Nbd7 {[%clk 1:13:08]} 10. e4 {[%clk 1:04:54]} h6
{[%clk 1:09:05]} 11. Qc3 {[%clk 1:04:48]} a5 {[%clk 1:05:25]} 12. a3
{[%clk 1:05:06]} Ba7 {[%clk 0:57:11]} 13. Qc2 {[%clk 1:04:51]} b5
{[%clk 0:55:47]} 14. Nc3 {[%clk 1:03:13]} b4 {[%clk 0:55:11]} 15. Ne2
{[%clk 1:01:08]} bxa3 {[%clk 0:50:13]} 16. Rxa3 {[%clk 1:01:25]} Bc5
{[%clk 0:50:12]} 17. Ra2 {[%clk 1:01:38]} Qb6 {[%clk 0:46:10]} 18. Nc3
{[%clk 1:01:28]} Qc7 {[%clk 0:44:42]} 19. h3 {[%clk 1:01:01]} Bb7
{[%clk 0:43:52]} 20. Kh2 {[%clk 1:01:15]} Nf8 {[%clk 0:42:45]} 21. Na4
{[%clk 0:59:23]} Ba7 {[%clk 0:36:49]} 22. Be3 {[%clk 0:56:40]} Ne6
{[%clk 0:35:15]} 23. Raa1 {[%clk 0:57:05]} Reb8 {[%clk 0:31:04]} 24. Rad1
{[%clk 0:55:46]} Bxe3 {[%clk 0:30:21]} 25. fxe3 {[%clk 0:56:13]} c5
{[%clk 0:30:33]} 26. Nh4 Bc6 27. Nc3 {[%clk 0:56:41]} Rb7 {[%clk 0:28:23]} 28.
Qf2 {[%clk 0:56:07]} Rab8 {[%clk 0:25:33]} 29. Rd2 {[%clk 0:56:26]} a4
{[%clk 0:25:31]} 30. Nf5 {[%clk 0:56:42]} Nh7 {[%clk 0:25:08]} 31. Ra1
{[%clk 0:53:17]} Rb4 {[%clk 0:23:27]} 32. Bf3 {[%clk 0:52:50]} Kf8
{[%clk 0:20:22]} 33. Bd1 {[%clk 0:53:00]} Qd7 {[%clk 0:19:21]} 34. Ra2
{[%clk 0:52:18]} Kg8 {[%clk 0:18:26]} 35. h4 {[%clk 0:51:07]} Nhf8
{[%clk 0:17:45]} 36. Qf3 {[%clk 0:51:18]} Kh7 {[%clk 0:17:20]} 37. g4
{[%clk 0:50:50]} g6 {[%clk 0:16:34]} 38. Ng3 {[%clk 0:51:07]} Qe7
{[%clk 0:14:09]} 39. Kh3 {[%clk 0:51:14]} Ra8 {[%clk 0:13:47]} 40. Nd5
{[%clk 1:16:20]} Bxd5 {[%clk 0:40:13]} 41. exd5 {[%clk 1:16:05]} Nc7
{[%clk 0:32:41]} 42. Rf2 {[%clk 1:15:19]} Kg7 {[%clk 0:32:49]} 43. Ne4
{[%clk 1:15:28]} Ne8 {[%clk 0:32:19]} 44. g5 {[%clk 1:08:52]} h5 {[%clk 0:25:45]}
45. b3 {[%clk 1:08:55]} a3 {[%clk 0:25:23]} 46. Nc3 {[%clk 1:09:04]} f5
{[%clk 0:18:23]} 47. gxf6+ {[%clk 1:06:01]} Nxf6 {[%clk 0:18:40]} 48. Qg3
{[%clk 1:05:48]} Rbb8 {[%clk 0:15:56]} 49. Nb5 {[%clk 1:00:54]} Rb7
{[%clk 0:04:37]} 50. Rf1 {[%clk 0:58:57]} Qd7+ {[%clk 0:03:04]} 51. Kg2
{[%clk 0:59:02]} Ng4 {[%clk 0:03:19]} 52. Rxa3 {[%clk 0:52:39]} Rxa3
{[%clk 0:02:40]} 53. Nxa3 {[%clk 0:53:05]} Ra7 {[%clk 0:02:21]} 54. Bxg4
{[%clk 0:53:31]} hxg4 {[%clk 0:02:20]} 55. Nb5 {[%clk 0:53:57]} Ra2+
{[%clk 0:02:29]} 56. Rf2 {[%clk 0:54:17]} Ra1 {[%clk 0:02:20]} 57. d4
{[%clk 0:53:56]} cxd4 {[%clk 0:01:32]} 58. exd4 {[%clk 0:54:23]} exd4
{[%clk 0:01:28]} 59. Qf4 {[%clk 0:54:31]} Nh7 {[%clk 0:01:40]} 60. Qxd4+
{[%clk 0:54:57]} 1-0

[Event "World Chess Olympiad 2018"]
[Site "Batumi"]
[Date "2018.10.01"]
[Round "7"]
[Board "2"]
[WhiteFideId "8800871"]
[White "Gontcharov Serguei"]
[BlackFideId "7501013"]
[Black "Bemmelen van Ursus"]
[Result "1-0"]
[LiveChessVersion "1.4.8"]
[BlackElo "2152"]
[WhiteElo "1875"]

1. e4 {[%clk 1:30:57]} c5 {[%clk 1:30:44]} 2. c3 {[%clk 1:31:21]} Nf6
{[%clk 1:30:45]} 3. e5 {[%clk 1:31:44]} Nd5 {[%clk 1:31:07]} 4. Nf3
{[%clk 1:31:54]} g6 {[%clk 1:30:01]} 5. d4 {[%clk 1:31:14]} cxd4 {[%clk 1:30:05]}
6. cxd4 {[%clk 1:31:35]} Bg7 {[%clk 1:29:40]} 7. Bc4 {[%clk 1:30:19]} Nb6
{[%clk 1:29:37]} 8. Bd3 {[%clk 1:26:32]} Nc6 {[%clk 1:24:17]} 9. Nc3
{[%clk 1:23:48]} d6 {[%clk 1:24:10]} 10. Bf4 {[%clk 1:12:27]} dxe5
{[%clk 1:23:37]} 11. dxe5 {[%clk 1:08:01]} Nd5 {[%clk 1:10:44]} 12. Nxd5
{[%clk 0:54:10]} Qxd5 {[%clk 1:11:08]} 13. Qe2 {[%clk 0:47:35]} Bg4
{[%clk 1:06:46]} 14. Be4 {[%clk 0:34:10]} Qc5 {[%clk 0:47:43]} 15. Rc1
{[%clk 0:19:43]} Qa5+ {[%clk 0:36:11]} 16. Bd2 {[%clk 0:19:15]} Qc7
{[%clk 0:29:03]} 17. Qb5 {[%clk 0:15:52]} Bd7 {[%clk 0:28:13]} 18. O-O
{[%clk 0:11:17]} O-O {[%clk 0:27:32]} 19. Rfe1 {[%clk 0:07:28]} Rac8
{[%clk 0:22:42]} 20. Bd5 {[%clk 0:07:22]} Bg4 {[%clk 0:20:35]} 21. e6
{[%clk 0:04:43]} f6 {[%clk 0:06:23]} 22. h3 {[%clk 0:04:43]} Bxf3
{[%clk 0:06:29]} 23. Bxf3 {[%clk 0:05:01]} Rfd8 {[%clk 0:05:56]} 24. Be3
{[%clk 0:04:35]} f5 {[%clk 0:04:24]} 25. b3 {[%clk 0:03:53]} Bd4 {[%clk 0:03:47]}
26. Bxd4 {[%clk 0:03:34]} Rxd4 {[%clk 0:04:14]} 27. Rc4 {[%clk 0:01:53]} Rxc4
{[%clk 0:03:01]} 28. Qxc4 {[%clk 0:02:11]} Rd8 {[%clk 0:00:56]} 29. Qc3
{[%clk 0:01:45]} Qa5 {[%clk 0:00:47]} 30. Qxa5 {[%clk 0:01:50]} Nxa5
{[%clk 0:01:16]} 31. Rc1 {[%clk 0:01:52]} Kg7 {[%clk 0:00:37]} 32. Rc7
{[%clk 0:02:17]} Kf6 {[%clk 0:01:05]} 33. b4 {[%clk 0:02:25]} Nc6
{[%clk 0:01:18]} 34. Rxb7 {[%clk 0:02:29]} Ne5 {[%clk 0:00:33]} 35. Rxa7
{[%clk 0:02:36]} Nxf3+ {[%clk 0:00:39]} 36. gxf3 {[%clk 0:03:01]} Rd1+
{[%clk 0:00:38]} 37. Kg2 {[%clk 0:03:23]} Rb1 {[%clk 0:01:01]} 38. a3
{[%clk 0:03:20]} Kxe6 39. f4 {[%clk 0:03:07]} Rb3 {[%clk 0:01:07]} 40. Ra5
{[%clk 0:33:05]} Kf6 {[%clk 0:30:56]} 41. b5 {[%clk 0:30:17]} g5 {[%clk 0:31:00]}
42. fxg5+ {[%clk 0:30:12]} Kxg5 {[%clk 0:31:26]} 43. a4 {[%clk 0:30:19]} f4
{[%clk 0:31:23]} 44. b6+ {[%clk 0:30:23]} Kh4 {[%clk 0:31:50]} 45. Rb5 1-0

[Event "World Chess Olympiad 2018"]
[Site "Batumi"]
[Date "2018.10.01"]
[Round "7"]
[Board "3"]
[WhiteFideId "7500041"]
[White "Izijk Jimmy"]
[BlackFideId "8800170"]
[Black "Lill Sami"]
[Result "1/2-1/2"]
[LiveChessVersion "1.4.8"]
[BlackElo "1844"]
[WhiteElo "1995"]

1. d4 {[%clk 1:29:55]} g6 {[%clk 1:30:57]} 2. c4 {[%clk 1:30:17]} Bg7
{[%clk 1:31:21]} 3. Nc3 {[%clk 1:30:40]} Nf6 {[%clk 1:31:43]} 4. e4
{[%clk 1:30:57]} d6 {[%clk 1:32:02]} 5. f3 {[%clk 1:30:42]} O-O {[%clk 1:31:49]}
6. Be3 {[%clk 1:30:57]} Nbd7 {[%clk 1:30:17]} 7. Qd2 {[%clk 1:30:03]} e5
{[%clk 1:29:27]} 8. d5 {[%clk 1:30:12]} a5 {[%clk 1:27:41]} 9. Nh3
{[%clk 1:30:18]} Nc5 {[%clk 1:27:29]} 10. Nf2 {[%clk 1:30:30]} a4
{[%clk 1:23:50]} 11. Be2 {[%clk 1:30:20]} Nh5 {[%clk 1:23:46]} 12. Bh6
{[%clk 1:24:55]} Qe7 {[%clk 1:16:06]} 13. g4 {[%clk 1:20:46]} Bxh6
{[%clk 1:10:40]} 14. Qxh6 {[%clk 1:20:56]} Nf4 {[%clk 1:10:47]} 15. h4
{[%clk 1:11:12]} Ng2+ {[%clk 1:04:13]} 16. Kd2 {[%clk 1:10:19]} Qf6
{[%clk 1:02:36]} 17. h5 {[%clk 1:02:07]} Qf4+ {[%clk 0:59:00]} 18. Qxf4
{[%clk 1:02:17]} Nxf4 {[%clk 0:59:07]} 19. hxg6 {[%clk 1:02:26]} fxg6
{[%clk 0:58:42]} 20. Nh3 {[%clk 0:54:28]} Kg7 {[%clk 0:46:18]} 21. Nxf4
{[%clk 0:53:39]} Rxf4 {[%clk 0:45:46]} 22. Rh2 {[%clk 0:53:07]} Bd7
{[%clk 0:45:34]} 23. Rah1 {[%clk 0:53:09]} Rh8 {[%clk 0:45:55]} 24. Nd1
{[%clk 0:47:12]} Rf7 {[%clk 0:37:49]} 25. Ke3 {[%clk 0:42:53]} Na6
{[%clk 0:33:02]} 26. Nf2 {[%clk 0:42:05]} Nb4 {[%clk 0:33:05]} 27. Kd2
{[%clk 0:33:40]} b6 {[%clk 0:23:25]} 28. a3 {[%clk 0:32:39]} Na6 {[%clk 0:23:41]}
29. Nd3 {[%clk 0:28:55]} Kf6 {[%clk 0:20:21]} 30. Ke3 {[%clk 0:20:19]} Kg5
{[%clk 0:17:46]} 31. Rh6 {[%clk 0:20:02]} Kf6 {[%clk 0:17:24]} 32. Bd1
{[%clk 0:18:19]} Kg7 {[%clk 0:17:15]} 33. g5 {[%clk 0:15:51]} Rff8
{[%clk 0:16:41]} 34. Be2 {[%clk 0:15:49]} Nc5 {[%clk 0:16:32]} 35. Nxc5
{[%clk 0:13:59]} bxc5 {[%clk 0:16:54]} 36. Kd2 {[%clk 0:12:52]} Rb8
{[%clk 0:17:02]} 37. Kc1 {[%clk 0:12:52]} Bc8 {[%clk 0:16:24]} 38. Bd1
{[%clk 0:12:28]} Ba6 {[%clk 0:14:47]} 39. Bxa4 {[%clk 0:10:50]} Bxc4
{[%clk 0:14:59]} 40. Bd7 {[%clk 0:40:57]} Bb3 {[%clk 0:43:01]} 41. R1h3
{[%clk 0:38:19]} Bc4 {[%clk 0:42:16]} 42. R6h4 {[%clk 0:38:20]} Ba6
{[%clk 0:40:43]} 43. Rh2 {[%clk 0:36:37]} Rb3 {[%clk 0:39:18]} 44. f4
{[%clk 0:35:08]} exf4 {[%clk 0:35:39]} 45. Rxf4 {[%clk 0:35:13]} Rg3
{[%clk 0:35:19]} 46. Be6 {[%clk 0:34:02]} Rf8 {[%clk 0:31:50]} 47. Rxf8
{[%clk 0:29:55]} Kxf8 {[%clk 0:31:48]} 48. Rxh7 {[%clk 0:30:03]} Rxg5
{[%clk 0:30:34]} 49. Rxc7 {[%clk 0:30:12]} Rg1+ {[%clk 0:25:55]} 50. Kc2
{[%clk 0:27:25]} Rg2+ {[%clk 0:24:24]} 51. Kc3 {[%clk 0:23:00]} Rg3+
{[%clk 0:24:03]} 52. Kd2 {[%clk 0:18:17]} Rg2+ {[%clk 0:20:49]} 53. Kc3
{[%clk 0:15:43]} Rg3+ {[%clk 0:20:56]} 54. Kc2 {[%clk 0:15:37]} Rg2+
{[%clk 0:15:54]} 55. Kc1 {[%clk 0:15:28]} Rg1+ {[%clk 0:13:45]} 56. Kd2
{[%clk 0:16:07]} Rg2+ {[%clk 0:13:48]} 1/2-1/2

[Event "World Chess Olympiad 2018"]
[Site "Batumi"]
[Date "2018.10.01"]
[Round "7"]
[Board "4"]
[WhiteFideId "8800820"]
[White "Dacres Don"]
[BlackFideId "7500564"]
[Black "Pietersz David"]
[Result "1/2-1/2"]
[LiveChessVersion "1.4.8"]
[BlackElo "1831"]
[WhiteElo "1780"]

1. e4 {[%clk 1:30:57]} c5 {[%clk 1:30:34]} 2. Nf3 {[%clk 1:31:07]} e6
{[%clk 1:30:28]} 3. c3 {[%clk 1:31:12]} d5 {[%clk 1:27:18]} 4. exd5
{[%clk 1:31:15]} Qxd5 {[%clk 1:26:14]} 5. d4 {[%clk 1:31:13]} Nc6
{[%clk 1:22:53]} 6. Be3 {[%clk 1:30:26]} cxd4 {[%clk 1:15:40]} 7. Nxd4
{[%clk 1:27:58]} Nf6 8. Nd2 {[%clk 1:26:41]} Nxd4 {[%clk 1:07:57]} 9. Bxd4
{[%clk 1:26:13]} Be7 {[%clk 1:07:08]} 10. Qb3 {[%clk 1:22:29]} Qd8
{[%clk 1:02:21]} 11. Bb5+ {[%clk 1:20:30]} Bd7 {[%clk 1:02:17]} 12. O-O
{[%clk 1:14:28]} O-O {[%clk 1:02:25]} 13. Bxd7 {[%clk 1:14:30]} Qxd7
{[%clk 1:02:33]} 14. Rad1 {[%clk 1:14:37]} Qc7 {[%clk 0:53:01]} 15. Nf3
{[%clk 1:12:57]} Nd7 {[%clk 0:48:12]} 16. Rfe1 {[%clk 1:12:24]} Bd6
{[%clk 0:44:35]} 17. Qb5 {[%clk 1:06:19]} Rfe8 {[%clk 0:40:39]} 18. Ne5
{[%clk 0:59:00]} Nf8 {[%clk 0:31:58]} 19. g3 {[%clk 0:56:30]} f6 {[%clk 0:26:24]}
20. Nc4 {[%clk 0:52:32]} Be7 {[%clk 0:26:39]} 21. Ne3 {[%clk 0:50:27]} a6
{[%clk 0:20:00]} 22. Qe2 {[%clk 0:46:16]} Rac8 {[%clk 0:17:46]} 23. Qf3
{[%clk 0:34:56]} b5 {[%clk 0:16:20]} 24. a3 {[%clk 0:33:20]} Kh8 {[%clk 0:15:09]}
25. Nf1 {[%clk 0:27:43]} e5 {[%clk 0:14:41]} 26. Be3 {[%clk 0:27:57]} Ng6
{[%clk 0:12:30]} 27. h4 {[%clk 0:27:57]} Nf8 {[%clk 0:10:56]} 28. Bc1
{[%clk 0:26:54]} Bc5 {[%clk 0:10:26]} 29. Nd2 {[%clk 0:26:12]} Rcd8
{[%clk 0:09:32]} 30. Ne4 {[%clk 0:26:14]} Be7 {[%clk 0:09:29]} 31. h5
{[%clk 0:25:33]} Qc6 {[%clk 0:09:17]} 32. Nd2 {[%clk 0:23:10]} Qc7
{[%clk 0:09:11]} 33. Ne4 {[%clk 0:23:36]} Qc6 {[%clk 0:08:44]} 34. Nd2
{[%clk 0:21:19]} Qe6 {[%clk 0:08:17]} 35. g4 {[%clk 0:20:30]} Nd7
{[%clk 0:04:04]} 36. Ne4 {[%clk 0:16:21]} Nc5 {[%clk 0:03:52]} 37. Nxc5
{[%clk 0:14:06]} Bxc5 {[%clk 0:04:19]} 38. Rxd8 {[%clk 0:11:56]} Rxd8
{[%clk 0:04:47]} 39. Rd1 {[%clk 0:12:02]} Rxd1+ {[%clk 0:01:27]} 40. Qxd1
{[%clk 0:42:16]} Qd6 {[%clk 0:31:13]} 41. Qxd6 {[%clk 0:42:26]} Bxd6
{[%clk 0:31:35]} 42. f3 {[%clk 0:42:12]} g6 {[%clk 0:30:12]} 43. hxg6
{[%clk 0:42:14]} hxg6 {[%clk 0:30:35]} 44. Kf2 {[%clk 0:42:24]} Kg7
{[%clk 0:27:30]} 45. Ke3 {[%clk 0:41:46]} Kf7 {[%clk 0:24:46]} 46. Kd3
{[%clk 0:41:18]} Ke6 {[%clk 0:24:27]} 47. c4 {[%clk 0:41:27]} f5 {[%clk 0:23:57]}
48. gxf5+ {[%clk 0:40:57]} gxf5 {[%clk 0:23:26]} 49. b4 {[%clk 0:40:45]} Bc7
{[%clk 0:21:49]} 50. Be3 {[%clk 0:40:36]} f4 {[%clk 0:13:53]} 51. Bf2
{[%clk 0:38:51]} Kf5 {[%clk 0:14:12]} 52. c5 {[%clk 0:38:30]} Bd8
{[%clk 0:13:53]} 53. c6 {[%clk 0:38:17]} Bc7 {[%clk 0:06:48]} 54. Bc5
{[%clk 0:38:32]} e4+ {[%clk 0:02:00]} 55. fxe4+ {[%clk 0:38:24]} Ke5
{[%clk 0:02:18]} 56. Bd4+ {[%clk 0:38:37]} Kd6 {[%clk 0:02:35]} 57. Ke2
{[%clk 0:38:08]} Kxc6 {[%clk 0:02:30]} 58. Kf3 {[%clk 0:38:24]} Bb8
{[%clk 0:00:44]} 59. Bf6 {[%clk 0:37:05]} Kd6 {[%clk 0:00:35]} 60. Kxf4
{[%clk 0:36:26]} Ke6+ {[%clk 0:01:03]} 61. e5 {[%clk 0:34:11]} Bc7
{[%clk 0:01:05]} 62. Ke4 {[%clk 0:34:33]} Bb6 {[%clk 0:00:59]} 63. Bg5
{[%clk 0:34:15]} Bc7 {[%clk 0:01:19]} 64. Bf4 {[%clk 0:33:15]} Bb6
{[%clk 0:01:24]} 65. Bd2 {[%clk 0:32:16]} Bc7 {[%clk 0:01:46]} 66. Bf4
{[%clk 0:32:37]} Bb6 {[%clk 0:02:07]} 67. Bd2 {[%clk 0:31:26]} Bc7
{[%clk 0:02:37]} 1/2-1/2

[Event "World Chess Olympiad 2018"]
[Site "Batumi"]
[Date "2018.10.01"]
[Round "7"]
[Board "1"]
[WhiteFideId "22000046"]
[White "Al Mashikhi Salim Aliyan"]
[BlackFideId "1622218"]
[Black "Kamara Ansumana"]
[Result "1-0"]
[LiveChessVersion "1.4.8"]
[BlackElo "1910"]
[WhiteElo "2095"]

1. c4 {[%clk 1:30:55]} Nf6 {[%clk 1:30:49]} 2. Nf3 {[%clk 1:31:16]} g6
{[%clk 1:31:06]} 3. g3 {[%clk 1:31:39]} Bg7 {[%clk 1:31:28]} 4. Bg2
{[%clk 1:32:04]} d6 {[%clk 1:31:41]} 5. O-O {[%clk 1:32:09]} Nc6 {[%clk 1:31:56]}
6. Nc3 {[%clk 1:31:14]} O-O {[%clk 1:32:08]} 7. d3 {[%clk 1:30:11]} e5
{[%clk 1:32:14]} 8. Bg5 {[%clk 1:28:57]} h6 {[%clk 1:32:08]} 9. Bd2
{[%clk 1:28:28]} Be6 {[%clk 1:31:31]} 10. a3 {[%clk 1:23:42]} a6 {[%clk 1:31:39]}
11. Rc1 {[%clk 1:23:48]} Rb8 {[%clk 1:31:27]} 12. b4 {[%clk 1:23:49]} Ne7
{[%clk 1:30:37]} 13. Ne4 {[%clk 1:15:51]} Nd7 {[%clk 1:28:51]} 14. Nh4
{[%clk 1:11:25]} f5 {[%clk 1:28:30]} 15. Nc3 {[%clk 1:10:43]} g5 {[%clk 1:28:31]}
16. Nf3 {[%clk 1:10:15]} Ng6 {[%clk 1:28:34]} 17. Ne1 {[%clk 1:09:33]} Nf6
{[%clk 1:27:15]} 18. Nd5 {[%clk 1:08:28]} f4 {[%clk 1:16:21]} 19. e3
{[%clk 1:05:09]} c6 {[%clk 1:15:03]} 20. Nxf6+ {[%clk 1:03:24]} Qxf6
{[%clk 1:15:20]} 21. Qh5 {[%clk 0:57:06]} Bf7 {[%clk 1:14:30]} 22. Qg4
{[%clk 0:55:44]} Rbd8 {[%clk 1:13:17]} 23. b5 {[%clk 0:49:53]} Ne7
{[%clk 1:12:14]} 24. gxf4 {[%clk 0:49:30]} gxf4 {[%clk 1:10:36]} 25. exf4
{[%clk 0:49:04]} Be6 {[%clk 1:09:34]} 26. Qh5 {[%clk 0:48:59]} exf4
{[%clk 1:09:00]} 27. bxa6 {[%clk 0:46:26]} bxa6 {[%clk 1:08:43]} 28. Kh1
{[%clk 0:45:24]} Qg5 {[%clk 1:08:46]} 29. Qe2 {[%clk 0:43:42]} Bg4
{[%clk 1:04:35]} 30. Bf3 {[%clk 0:43:36]} h5 {[%clk 1:02:16]} 31. Rg1
{[%clk 0:43:31]} Bxf3+ {[%clk 1:00:01]} 32. Nxf3 {[%clk 0:43:41]} Qh6
{[%clk 0:56:07]} 33. Qxe7 {[%clk 0:42:47]} Kh8 {[%clk 0:56:28]} 34. Rxg7
{[%clk 0:43:00]} Rfe8 {[%clk 0:54:07]} 35. Rh7+ {[%clk 0:41:07]} Qxh7
{[%clk 0:53:18]} 36. Bc3+ {[%clk 0:41:27]} Kg8 {[%clk 0:45:28]} 37. Rg1+
{[%clk 0:41:06]} 1-0

[Event "World Chess Olympiad 2018"]
[Site "Batumi"]
[Date "2018.10.01"]
[Round "7"]
[Board "2"]
[WhiteFideId "17800048"]
[White "Winston Gerald Mansfield Thomas"]
[BlackFideId "22000100"]
[Black "Salim Al Maashani Amer Said"]
[Result "0-1"]
[LiveChessVersion "1.4.8"]
[BlackElo "2038"]
[WhiteElo "1844"]

1. d4 {[%clk 1:31:25]} Nf6 {[%clk 1:31:23]} 2. Nf3 {[%clk 1:31:47]} e6
{[%clk 1:31:49]} 3. Bf4 {[%clk 1:31:54]} c5 {[%clk 1:32:05]} 4. e3
{[%clk 1:31:57]} cxd4 {[%clk 1:32:27]} 5. exd4 {[%clk 1:32:09]} b6
{[%clk 1:32:48]} 6. c3 {[%clk 1:32:05]} Be7 {[%clk 1:32:47]} 7. Bd3
{[%clk 1:32:00]} Bb7 {[%clk 1:31:30]} 8. Nbd2 {[%clk 1:32:09]} O-O
{[%clk 1:30:34]} 9. h3 {[%clk 1:32:16]} d6 {[%clk 1:30:52]} 10. O-O
{[%clk 1:31:37]} Nbd7 {[%clk 1:31:03]} 11. Re1 {[%clk 1:31:47]} Re8
{[%clk 1:30:56]} 12. a4 {[%clk 1:31:16]} a6 {[%clk 1:30:32]} 13. Bg3
{[%clk 1:29:49]} Qc7 {[%clk 1:29:59]} 14. Qc2 {[%clk 1:27:48]} Bf8
{[%clk 1:24:12]} 15. Ne4 {[%clk 1:26:37]} Nxe4 {[%clk 1:23:52]} 16. Bxe4
{[%clk 1:26:57]} Nf6 {[%clk 1:23:59]} 17. Bxb7 {[%clk 1:26:56]} Qxb7
{[%clk 1:24:23]} 18. Qb3 {[%clk 1:26:15]} b5 {[%clk 1:00:53]} 19. axb5
{[%clk 1:16:49]} axb5 {[%clk 0:58:23]} 20. c4 {[%clk 1:14:22]} Ne4
{[%clk 0:48:27]} 21. Bf4 {[%clk 1:13:15]} b4 {[%clk 0:45:01]} 22. Qd3
{[%clk 1:10:17]} Rxa1 {[%clk 0:42:17]} 23. Rxa1 {[%clk 1:10:37]} Ra8
{[%clk 0:39:58]} 24. Rxa8 {[%clk 1:09:19]} Qxa8 {[%clk 0:40:27]} 25. Qc2
{[%clk 1:07:29]} b3 {[%clk 0:32:43]} 26. Qxb3 {[%clk 0:55:33]} Qa1+
{[%clk 0:33:09]} 27. Kh2 {[%clk 0:55:41]} Nxf2 {[%clk 0:32:59]} 28. Ng1
{[%clk 0:55:36]} Ne4 {[%clk 0:24:43]} 29. Qc2 {[%clk 0:55:26]} f5
{[%clk 0:23:35]} 30. Bc1 {[%clk 0:53:14]} Be7 {[%clk 0:18:18]} 31. Nf3
{[%clk 0:52:42]} Qa5 {[%clk 0:15:34]} 32. Bd2 {[%clk 0:50:37]} Qc7
{[%clk 0:14:20]} 33. Kg1 {[%clk 0:50:31]} Bf6 {[%clk 0:14:01]} 34. Be3
{[%clk 0:49:48]} g5 {[%clk 0:11:31]} 35. b4 {[%clk 0:48:09]} h5 {[%clk 0:09:05]}
36. g4 {[%clk 0:43:12]} hxg4 {[%clk 0:08:13]} 37. hxg4 {[%clk 0:43:22]} d5
{[%clk 0:06:40]} 38. c5 {[%clk 0:41:50]} fxg4 {[%clk 0:04:52]} 39. Ne1
{[%clk 1:11:45]} Qg3+ {[%clk 0:31:14]} 40. Ng2 {[%clk 1:12:04]} Qb8
{[%clk 0:15:10]} 41. c6 {[%clk 1:10:07]} Bd8 {[%clk 0:13:19]} 42. b5
{[%clk 1:06:32]} Bc7 {[%clk 0:07:38]} 43. Qd3 {[%clk 0:59:39]} Kg7
{[%clk 0:07:16]} 44. Qa3 {[%clk 0:47:22]} Bh2+ {[%clk 0:06:08]} 45. Kf1
{[%clk 0:47:12]} Qxb5+ {[%clk 0:06:09]} 46. Ke1 {[%clk 0:47:22]} Bg3+
{[%clk 0:05:24]} 47. Kd1 {[%clk 0:47:34]} Qf1+ {[%clk 0:05:50]} 48. Kc2
{[%clk 0:47:24]} Qxg2+ {[%clk 0:05:38]} 49. Kd3 {[%clk 0:47:43]} Qf1+
{[%clk 0:05:54]} 50. Kc2 {[%clk 0:47:02]} Qe2+ {[%clk 0:05:25]} 51. Kc1
{[%clk 0:46:19]} Qc4+ {[%clk 0:05:26]} 52. Kb2 {[%clk 0:46:15]} Qxc6
{[%clk 0:04:59]} 53. Bxg5 {[%clk 0:45:03]} Qb6+ {[%clk 0:04:15]} 54. Kc2
{[%clk 0:44:51]} Qc7+ {[%clk 0:04:32]} 55. Kb2 {[%clk 0:44:02]} Nxg5
{[%clk 0:04:46]} 56. Qe3 Bf4 57. Qe2 {[%clk 0:42:34]} Qc1+ {[%clk 0:04:20]} 58.
Kb3 Qe3+ 59. Qxe3 {[%clk 0:41:40]} Bxe3 {[%clk 0:04:42]} 60. Kc3 {[%clk 0:41:55]}
g3 {[%clk 0:04:55]} 0-1